Гал 1 Фес 2 Фес (Запись № 4572830)

Подробности
000 -МАРКЕР
контрольное поле 01849nam0a2200325 4500
001 - ИДЕНТИФИКАТОР ЗАПИСИ
контрольное поле RU\NLR\bibl\2048842
005 - ИДЕНТИФИКАТОР ВЕРСИИ
контрольное поле 20260408234943.0
010 ## - МЕЖДУНАРОДНЫЙ СТАНДАРТНЫЙ НОМЕР КНИГИ (ISBN)
Номер (ISBN) 5-85574-173-8
Тираж 500
035 ## - ДРУГИЕ СИСТЕМНЫЕ НОМЕРА
Идентификатор записи (NLR Aleph) 002035933
100 ## - ДАННЫЕ ОБЩЕЙ ОБРАБОТКИ
Данные общей обработки 20130701d2005 |||y0rusy50 ca
101 0# - ЯЗЫК РЕСУРСА
Язык текста, звукозаписи и т.д. русский
102 ## - СТРАНА ПУБЛИКАЦИИ ИЛИ ПРОИЗВОДСТВА
Страна публикации Российская Федерация
105 ## - ПОЛЕ КОДИРОВАННЫХ ДАННЫХ: ТЕКСТОВЫЕ МАТЕРИАЛЫ, МОНОГРАФИЧЕСКИЕ
Кодированные данные о монографическом текстовом документе y |||||||||
200 1# - ЗАГЛАВИЕ И СВЕДЕНИЯ ОБ ОТВЕТСТВЕННОСТИ
Основное заглавие Гал 1 Фес 2 Фес
Сведения, относящиеся к заглавию Новый открытый Завет. Послание открытое к Галатам святого апостола Павла. Первое открытое послание к Фессалоникийцам святого апостоа Павла. Второе открытое послание к Фессалоникийцам святого апостола Павла
Первые сведения об ответственности Тотчас-Туранский
210 ## - ПУБЛИКАЦИЯ, РАСПРОСТРАНЕНИЕ И ДР.
Место издания, распространения и т.д. Санкт-Петербург
Имя издателя, распространителя и т. д. Изд-во Александра Сазонова
-- Роза мира
Дата издания, распространения и т.д. 2005
215 ## - ФИЗИЧЕСКАЯ ХАРАКТЕРИСТИКА
Специфическое обозначение материала и объем 107 с.
Размеры 20
320 ## - ПРИМЕЧАНИЯ О НАЛИЧИИ В ДОКУМЕНТЕ БИБЛИОГРАФИИ / УКАЗАТЕЛЯ
Текст примечания Библиогр. на обороте тит. л.
500 ## - УНИФИЦИРОВАННОЕ ЗАГЛАВИЕ
Унифицированное заглавие Библия
Наименование раздела или части Н.З
-- Послания
-- Павел к Галатам
Идентификатор авторитетной / нормативной записи RU\NLR\auth\559048
Системный номер авторитетной/нормативной записи 2631114
500 ## - УНИФИЦИРОВАННОЕ ЗАГЛАВИЕ
Унифицированное заглавие Библия
Наименование раздела или части Н.З.
-- Послания
-- Павел к Фессалоникийцам
Обозначение или номер раздела или части 1
Идентификатор авторитетной / нормативной записи RU\NLR\auth\559226
Системный номер авторитетной/нормативной записи 2631252
500 ## - УНИФИЦИРОВАННОЕ ЗАГЛАВИЕ
Унифицированное заглавие Библия
Наименование раздела или части Н.З
-- Послания
-- Павел к Фессалоникийцам
Прочие сведения 2
Идентификатор авторитетной / нормативной записи RU\NLR\auth\559203
Системный номер авторитетной/нормативной записи 2631231
605 ## - ЗАГЛАВИЕ КАК ПРЕДМЕТ
Начальный элемент ввода Библия
Наименование части Новый Завет
Тематический подзаголовок Исследование текста
-- Оригинальные теории
Системный номер авторитетной/нормативной записи 2476335
Идентификатор авторитетной/нормативной записи RU\NLR\auth\661470365
686 ## - ИНДЕКСЫ ДРУГИХ КЛАССИФИКАЦИЙ
Индекс Э37-220.1
700 #1 - ИМЯ ЛИЦА - ПЕРВИЧНАЯ ОТВЕТСТВЕННОСТЬ
Код отношения Автор
Материалы, к которым относится поле rus
Графика поля Кириллица
Начальный элемент ввода Тотчас-Туранский
Дополнения к именам, кроме дат псевдоним
Идентификатор авторитетной/нормативной записи RU\NLR\AUTH\77125102
Системный номер авторитетной/нормативной записи 108027
801 #0 - ИСТОЧНИК ЗАПИСИ
Страна Российская Федерация
Организация NLR
Дата составления 20130701
Правила каталогизации RCR
801 #1 - ИСТОЧНИК ЗАПИСИ
Страна Российская Федерация
Организация NLR
Дата составления 20130701
942 ## - ДОПОЛНИТЕЛЬНЫЕ ЭЛЕМЕНТЫ ЗАПИСИ (АБИС)
Тип экземпляра АБИС Книга
980 ## - КОЛЛЕКЦИЯ
Название коллекции Национальная библиография
Экземпляры
Тип экземпляра Дата поступления Источник поступления Библиотека постоянного хранения Библиотека текущего хранения Место хранения Шифр хранения Штрих-код Статус экземпляра
Книга 01.07.2013 Дар РНБ (Московский) РНБ (Московский) Русский книжный фонд: издания с 1957 года 2013-3/20328 1-313241  
Книга 06.09.2013 Дар РНБ (Московский) РНБ (Московский) Русский книжный фонд: издания с 1957 года 2013-3/20328 1-202445